LIBRARY & INFORMATION CENTRE, KCAET, TAVANUR

ONLINE PUBLIC ACCESS CATALOGUE (OPAC)

Fluid mechanics : Hydraulic machinery and advanced hydraulics, Vol 2 / (Record no. 1497)

MARC details
000 -LEADER
fixed length control field 00541cam a2200193ua 4500
020 ## - INTERNATIONAL STANDARD BOOK NUMBER
ISBN 0-7069-2079-1
041 ## - LANGUAGE CODE
Language code of text/sound track or separate title eng
082 ## - DEWEY DECIMAL CLASSIFICATION NUMBER
Classification number 632
Item number MAN/FL
100 ## - MAIN ENTRY--AUTHOR NAME
Personal name Manohar, M .
245 ## - TITLE STATEMENT
Title Fluid mechanics : Hydraulic machinery and advanced hydraulics, Vol 2 /
260 ## - PUBLICATION, DISTRIBUTION, ETC. (IMPRINT)
Place of publication :
Name of publisher Vikas publishing house pvt ltd ,
Year of publication 1983.
300 ## - PHYSICAL DESCRIPTION
Number of Pages 505 ; .
500 ## - GENERAL NOTE
General note 16004 Binding
700 1# - ADDED ENTRY--PERSONAL NAME
Personal name Krishnamachari, C.
942 ## - ADDED ENTRY ELEMENTS (KOHA)
Koha item type Books
Holdings
Withdrawn status Lost status Damaged status Home library Current library Date acquired Full call number Accession Number Koha item type
      KAUAET KAUAET 09/03/1987 632 16004 Books
free website counter